000 00393nam a2200145Ia 4500
008 220217s9999||||xx |||||||||||||| ||und||
020 _a81-317-1812-3
082 _a00 5.73 LAF
100 _aLafore, Robert
245 0 _aData structures and algorithms in JAVA
250 _a2nd
260 _aPearson education of asia
_bNew Delhi
_c2008
300 _b499
650 _aDATA STRUCTURES
999 _c177208
_d177208